00682nam a2200181 a 450000100100000000500170001000800410002702000150006804000250008308200150010810000330012324501080015626000370026430000280030170000410032995201130037099900170048300003549820200930074404.0111102s1996 mx a 000 0 spa d a0070340676 aDO-SdBNPbspacBNPHU axxxxbxxxx1 aJ. Gouillart, Francis96138110aRevolución empresarial /cFrancis J. Gouillart, Jsmes N. Kelly ; traducción Guadalupe Meza Staines. aMéxico, :bMcgraw-hill,c1996. a352 p. :bil. ;c24 cm.1 aMeza Staines, Guadalupe,etr.961382 001050718MOaGRbGRcHDd2011-11-02iLF1l0oxxxx xxxxp35498-10r2020-06-25w2020-06-25y1ZNo se presta c34989d34989